Los laberintos de la revolución ciudadana en Ecuador /
Gardado en:
| Autor Principal: | |
|---|---|
| Formato: | Libro |
| Idioma: | Spanish |
| Etiquetas: |
Engadir etiqueta
Sen Etiquetas, Sexa o primeiro en etiquetar este rexistro!
|
MARC
| LEADER | 00000nam a22000007a 4500 | ||
|---|---|---|---|
| 003 | cru CIDCACS/IIS | ||
| 005 | 20170405162829.0 | ||
| 007 | ta | ||
| 008 | 170405e2016 ag ||||| |||| 00| 0 spa d | ||
| 040 | |c cru CIDCACS/IIS | ||
| 100 | 1 | |9 3949 |a Ortiz Crespo, Santiago | |
| 245 | 1 | 4 | |a Los laberintos de la revolución ciudadana en Ecuador / |c Santiago Ortiz Crespo |
| 300 | |a páginas 84-97 | ||
| 773 | 0 | |0 19022 |9 586 |a Fundación Friedrich Ebert |d Fundación Friedrich Ebert; Nueva Sociedad |o R19229 |t Nueva Sociedad / | |
| 942 | |2 ddc |c PP | ||
| 999 | |c 19133 |d 19133 | ||
